00807nam a2200205Ia 450000500170000000800410001702000180005808200280007610000260010424500960013025000280022626000290025430000180028349000380030150000240033950501310036365000270049465100430052170000370056420231102152045.0120622s19801973mx r 000 0 spa d a9789684111752 4a320.540972bB799or 19881 aBrading, Davideautor aLos orígenes del nacionalismo mexicanoc / David Brading ; traductor Soledad Loaeza Grave a2a. ediciónbampliada aMéxicob : Erac, 1988 a142 páginas aColección problemas de México aReimpresión: 2009 aPatriotismo criollo Fray Servando Teresa de Mier Nacionalismo criollo y liberalismo mexicano Posdata: El patriotismo liberal 14aNACIONALISMOzMÉXICO14aMÉXICOxCARACTERÍSTICAS NACIONALES1 aLoaeza Grave, Soledadetraductor